[Event "Tourn. n9505"]
[Site "www.chess-mail.com"]
[Date "2017.10.05"]
[Round "1"]
[White "Dussek"]
[Black "Libiesse"]
[WhiteElo "1880"]
[BlackElo "1780"]
[Result "0-1"]
[Round "1"]
1.e4 c5
2.c3 d6
3.d4 Ng8f6
4.Nb1d2 e6
5.Ng1f3 Nb8c6
6.Bf1b5 Qd8c7
7.O-O Bc8d7
8.Rf1e1 cxd4
9.cxd4 a6
10.Bb5a4 b5
11.Ba4c2 Bf8e7
12.Nd2b3 O-O
13.Bc1d2 Rf8e8
14.Ra1c1 Qc7b7
15.Nb3a5 Nc6xa5
16.Bd2xa5 Re8c8
17.e5 dxe5
18.Nf3xe5 Nf6d5
19.Ne5xd7 Qb7xd7
20.a3 Be7f6
21.Qd1g4 Qd7a7
22.Qg4h5 g6
23.Qh5f3 Bf6xd4
24.Re1f1 Bd4xb2
25.Rc1b1 Rc8xc2
26.Rb1d1 Ra8c8
27.Qf3d3 Bb2g7
28.Rf1e1 Qa7xf2
{ resign }
0-1

[Event "Tourn. n9509"]
[Site "www.chess-mail.com"]
[Date "2017.10.05"]
[Round "1"]
[White "Seger"]
[Black "Stepanpech"]
[WhiteElo "2700"]
[BlackElo "2590"]
[Result "1-0"]
[Round "1"]
1.d4 d5
2.c4 e6
3.e3 Ng8f6
4.Ng1f3 c5
5.a3 dxc4
6.Bf1xc4 a6
7.O-O b5
8.Bc4e2 Bc8b7
{ time. }
1-0

[Event "Tourn. n9465"]
[Site "www.chess-mail.com"]
[Date "2017.10.05"]
[Round "1"]
[White "Azulmarino"]
[Black "Pachi"]
[WhiteElo "1560"]
[BlackElo "1560"]
[Result "1-0"]
[Round "1"]
1.e4 e5
2.Ng1f3 d6
3.Bf1c4 Bc8g4
4.h3 Bg4xf3
5.Qd1xf3 f6
6.Bc4d5 c6
7.Bd5e6 Ng8h6
8.d3 g5
9.Qf3h5 Ke7
10.Be6c4 d5
11.Bc4b3 b5
12.a3 a5
13.a4 Ra8a6
14.Nb1c3 Kd7
15.axb5 cxb5
16.Nc3xb5 Qd8b6
17.Bb3a4 Nb8c6
18.Bc1e3 d4
19.Qh5f3 dxe3
20.fxe3 Ke7
21.O-O Nc6b4
22.Qf3h5 Qb6xe3
23.Rf1f2 f5
24.Nb5c7 Bf8g7
25.c3 Nb4xd3
26.Nc7d5 Ke6
27.Nd5xe3 fxe4
28.Ba4b3 Ke7
29.Ne3f5 Kd8
30.Rf2e2 Kc7
31.Qh5xg5 Bg7f8
32.Re2xe4 Bf8c5
33.Kh2 Ra6g6
34.Qg5d2 Nd3f4
35.Ra1xa5 Rg6xg2
36.Qd2xg2 Nf4xg2
37.Kxg2 Nh6xf5
38.Ra5xc5 Kd6
39.Re4xe5 Nf5h4
40.Kg3 Nh4g6
41.Re5f5 Rh8e8
42.Rc5d5 Kc7
43.Rf5f6 Re8e2
44.Rd5h5 Re2e7
45.Bb3f7 Ng6f8
46.Rh5c5 Kb7
47.Bf7d5 Ka7
48.Rf6xf8 Re7e2
49.Rc5c6 Re2xb2
50.Rf8f7 Kb8
51.Rc6e6 { resign }
1-0

[Event "Tourn. n9525"]
[Site "www.chess-mail.com"]
[Date "2017.10.05"]
[Round "1"]
[White "Roque1"]
[Black "Prize64"]
[WhiteElo "1930"]
[BlackElo "1820"]
[Result "0-1"]
[Round "1"]
1.e4 c5
2.Ng1f3 Nb8c6
3.Bf1b5 Ng8f6
4.Nb1c3 d6
5.O-O Qd8c7
6.d4 cxd4
7.Nf3xd4 Bc8d7
8.Bc1e3 g6
9.Qd1d2 Bf8g7
10.f4 Nf6g4
11.Rf1f3 Ng4xe3
12.Nd4xc6 bxc6
 { time }
0-1

[Event "Tourn. n9519"]
[Site "www.chess-mail.com"]
[Date "2017.10.05"]
[Round "1"]
[White "Fantomas"]
[Black "Sbb"]
[WhiteElo "2220"]
[BlackElo "2420"]
[Result "0-1"]
[Round "1"]
1.Ng1f3 d5
2.d4 Ng8f6
3.e3 e6
4.Bf1e2 b6
5.O-O Bc8b7
6.c3 Nb8d7
7.Nb1d2 c5
8.c4 Bf8d6
9.b3 a6
10.Bc1b2 O-O
11.Nf3e5 Ra8c8
12.Ne5xd7 Nf6xd7
13.Be2f3 cxd4
14.Bb2xd4 Nd7e5
15.Bf3e2 dxc4
16.Nd2xc4 Ne5xc4
17.Be2xc4 Qd8g5
18.f3 b5
19.Bc4d3 Qg5h6
20.g3 e5
21.Bd4a7 Rc8a8
22.Ba7b6 Bd6b4
23.e4 Qh6xb6
{ resign }
0-1

[Event "Match"]
[Site "www.echecsemail.com"]
[Date "2017.10.05"]
[Round "1"]
[White "Bojan"]
[Black "Mitja"]
[WhiteElo "1990"]
[BlackElo "2030"]
[Result "0-1"]
[Round "1"]
1.e4 d5
2.exd5 Qd8xd5
3.Nb1c3 Qd5d8
4.Ng1f3 e6
5.d4 c6
6.a3 h6
7.Bf1c4 Ng8f6
8.h3 Bf8e7
9.Bc1e3 Nb8d7
10.Qd1d2 Nd7b6
11.Bc4d3 Nb6d5
12.Nc3xd5 Nf6xd5
13.c4 Nd5xe3
14.Qd2xe3 b6
15.O-O Bc8b7
16.b4 Be7f6
17.Ra1d1 Qd8c7
18.Nf3h2 Ra8d8
19.Nh2g4 Bf6xd4
20.Qe3e2 c5
21.b5 O-O
22.Bd3e4 Bb7xe4
23.Kh1 Be4a8
24.Rd1d3 Qc7b7
25.f3 Qb7e7
26.Qe2e1 Qe7g5
27.Rd3d1 h5
28.Ng4h2 Bd4e5
29.Rf1g1 Rd8xd1
30.Qe1xd1 Qg5f4
31.g3 Qf4f5
32.Kg2 Be5d4
33.Rg1e1 Rf8d8
34.Qd1e2 g5
35.g4 hxg4
36.Nh2xg4 Kg7
37.Re1d1 f6
38.Rd1d3 e5
39.Ng4f2 Rd8d7
40.Nf2e4 Ba8b7
41.Ne4g3 Qf5g6
42.Kh2 Bd4g1
43.Kxg1 Rd7xd3
44.Kf2 Rd3xf3
{ resign }
0-1

[Event "Match"]
[Site "www.echecsemail.com"]
[Date "2017.10.05"]
[Round "1"]
[White "Calponas"]
[Black "Ketchuplover"]
[WhiteElo "2010"]
[BlackElo "1940"]
[Result "1-0"]
[Round "1"]
1.e4 c6
2.d4 d5
3.Nb1c3 dxe4
4.Nc3xe4 Ng8f6
5.Ne4xf6 exf6
6.Bc1f4 Bf8e7
7.Ng1f3 O-O
8.Bf1e2 Rf8e8
9.O-O Nb8d7
10.c4 Nd7f8
11.Qd1d3 Nf8g6
12.Bf4g3 Bc8f5
13.Qd3xf5 Qd8c8
14.Qf5c2 Ng6f8
15.a3 a5
16.Rf1e1 Nf8g6
17.Be2d3 a4
18.Ra1d1 Be7f8
19.Bd3f5 Re8xe1
20.Rd1xe1 Qc8d8
21.h4 Bf8d6
22.h5 Ng6f8
23.Qc2e4 Bd6xg3
24.fxg3 g6
25.hxg6 fxg6
26.Bf5e6 Kg7
27.d5 Nf8xe6
28.dxe6 Qd8e7
29.Re1d1 { resign }
1-0

[Event "Match"]
[Site "www.echecsemail.com"]
[Date "2017.10.05"]
[Round "1"]
[White "Paco"]
[Black "Coraza8091"]
[WhiteElo "1970"]
[BlackElo "1520"]
[Result "1-0"]
[Round "1"]
1.e4 e5
2.Ng1f3 Nb8c6
3.Bf1c4 Nc6d4
4.Nf3xe5 Nd4e6
5.Qd1f3 f6
6.Qf3h5 g6
7.Ne5xg6 hxg6
8.Qh5xh8 Kf7
9.Qh8h7 Bf8g7
10.d4 b5
11.Bc4d5 f5
12.Bd5xa8 c6
13.exf5 gxf5
14.Qh7xf5 Ke7
15.Qf5e4 Bg7xd4
16.c3 Ng8f6
17.Bc1g5 Bd4c5
18.O-O d5
19.Qe4e5 Qd8f8
20.Rf1e1 Bc5d6
21.Qe5d4 Kd7
22.Qd4xa7 Ne6c7
23.Nb1d2 Bd6e7
24.a4 Bc8a6
25.Ba8b7 Ba6xb7
26.Qa7xb7 Qf8g7
27.Bg5f4 Be7d6
28.Bf4xd6 Kxd6
29.axb5 cxb5
30.Ra1a6 Kd7
31.Qb7c6 Kd8
32.Ra6b6 Nf6h5
33.Rb6b8 { resign }
1-0

[Event "Match"]
[Site "www.echecsemail.com"]
[Date "2017.10.05"]
[Round "1"]
[White "Nulladies"]
[Black "Redemption"]
[WhiteElo "1930"]
[BlackElo "1499"]
[Result "1-0"]
[Round "1"]
1.d4 g6
2.Bc1f4 d6
3.e3 Bf8g7
4.c3 Bg7h6
5.Bf4g3 Ng8f6
6.Bf1e2 Bc8d7
7.Ng1f3 Bd7g4
8.h3 Bg4xf3
9.Be2xf3 c6
10.O-O O-O
11.Qd1b3 Qd8b6
12.Nb1d2 Qb6xb3
13.axb3 b5
14.c4 b4
15.Nd2e4 Nf6xe4
16.Bf3xe4 a5
17.d5 c5
18.Bg3h4 Rf8e8
19.f4 f6
20.g4 g5
21.fxg5 { resign }
1-0

[Event "Match"]
[Site "www.echecsemail.com"]
[Date "2017.10.05"]
[Round "1"]
[White "Ketchuplover"]
[Black "Theo64"]
[WhiteElo "1930"]
[BlackElo "1589"]
[Result "1/2-1/2"]
[Round "1"]
1.Ng1f3 Ng8f6
2.b3 d5
3.Bc1b2 g6
4.e3 Bf8g7
5.Bf1e2 O-O
6.O-O c5
7.d3 Nb8c6
8.Nb1d2 b6
9.a3 Bc8a6
10.Nf3e5 Qd8c7
11.Nd2f3 Nc6xe5
12.Bb2xe5 Qc7d7
13.Ra1b1 Nf6h5
14.Be5xg7 Nh5xg7
15.c4 dxc4
16.dxc4 Rf8d8
17.Qd1xd7 Rd8xd7
18.Rf1d1 Ra8d8
19.Rd1xd7 Rd8xd7
20.Rb1d1 Rd7xd1
21.Be2xd1 f6
22.Bd1e2 e5
{ draw }
1/2-1/2

[Event "Match"]
[Site "www.echecsemail.com"]
[Date "2017.10.05"]
[Round "1"]
[White "Apdash"]
[Black "Luzhin"]
[WhiteElo "2100"]
[BlackElo "2340"]
[Result "0-1"]
[Round "1"]
1.e4 e5
2.f4 Nb8c6
3.Ng1f3 exf4
4.d4 Ng8f6
5.e5 Nf6g4
6.Bc1xf4 d6
7.Bf1b5 dxe5
8.Nf3xe5 Ng4xe5
9.Bb5xc6 Ne5xc6
10.O-O Qd8xd4
11.Kh1 Qd4xb2
12.Nb1d2 Bf8e7
13.Rf1e1 O-O
14.Bf4xc7 Bc8e6
15.Ra1b1 Qb2xa2
16.Rb1xb7 Be7b4
{ resign }
0-1

[Event "Match"]
[Site "www.echecsemail.com"]
[Date "2017.10.05"]
[Round "1"]
[White "Carazo"]
[Black "Whitekknight"]
[WhiteElo "1760"]
[BlackElo "1940"]
[Result "1/2-1/2"]
[Round "1"]
1.Nb1c3 e5
2.e4 Ng8f6
3.d4 exd4
4.Qd1xd4 Nb8c6
5.Qd4d1 Bf8b4
6.Qd1f3 Nc6d4
7.Qf3d1 Bb4xc3
8.bxc3 Nd4c6
9.Bc1a3 d6
10.Bf1b5 Bc8d7
11.Ng1f3 a6
12.Bb5xc6 Bd7xc6
13.e5 Qd8e7
14.O-O Bc6xf3
15.Qd1xf3 Nf6d7
16.exd6 cxd6
17.Rf1e1 Nd7e5
18.Qf3f4 f6
19.Ra1d1 Ra8d8
20.Qf4g3 O-O
21.f4 Qe7e6
22.fxe5 fxe5
23.Re1e4 Rd8d7
24.c4 Rf8f7
25.Rd1e1 Qe6f5
26.h3 Rf7f6
27.c5 Rf6g6
28.Qg3h2 Rg6f6
29.g3 dxc5
30.Ba3xc5 Rf6e6
31.g4 Qf5g6
32.Re4xe5 Re6xe5
33.Qh2xe5 Rd7d8
34.Qe5e7 Rd8b8
35.Bc5d6 Rb8c8
36.Re1e6 Qg6xc2
37.Re6e2 Qc2c1
38.Kg2 Qc1c6
39.Kf2 Qc6b6
40.Kg3 Rc8d8
41.Bd6c7 Rd8d3
42.Kg2 Qb6c6
43.Kh2 h6
44.Bc7e5 Rd3d7
45.Qe7e8 Kh7
46.Qe8f8 Qc6g6
47.Be5g3 Rd7f7
48.Qf8c8 Qg6d3
49.Qc8e8 Rf7f3
50.Re2g2 Rf3f1
51.Qe8e7 Qd3d1
52.Qe7e4 Kg8
53.Qe4e8 Kh7
54.Qe8e4 Kg8
55.Qe4e6 Kh7
56.Qe6e4 Kg8
57.Qe4e6 
1/2-1/2

[Event "Match"]
[Site "www.echecsemail.com"]
[Date "2017.10.05"]
[Round "1"]
[White "Fangshuo"]
[Black "Tonino1"]
[WhiteElo "2070"]
[BlackElo "2170"]
[Result "0-1"]
[Round "1"]
1.e4 d6
2.d4 Ng8f6
3.Nb1c3 g6
4.Bc1g5 Bf8g7
5.Ng1f3 O-O
6.Qd1d2 Rf8e8
7.O-O-O c6
8.d5 c5
9.Bg5xf6 Bg7xf6
10.h4 Qd8a5
11.Kb1 Bf6xc3
12.Qd2xc3 Qa5xc3
13.bxc3 Bc8g4
14.Bf1e2 Nb8d7
15.Nf3g1 Bg4xe2
16.Ng1xe2 Nd7e5
17.f4 Ne5g4
18.Rd1f1 e6
19.dxe6 fxe6
20.Ne2g3 h5
21.f5 exf5
22.exf5 Re8e3
23.Rf1f3 Re3xf3
24.gxf3 Ng4f6
25.fxg6 d5
26.Rh1e1 Kf8
27.f4 Ra8d8
28.Re1e5 b6
29.Ng3xh5 Nf6e4
30.Re5f5 Kg8
31.Nh5f6 Ne4xf6
32.Rf5xf6 Kg7
33.Rf6f5 Kxg6
34.Rf5g5 Kh6
35.Kc1 d4
36.c4 Rd8e8
37.Rg5e5 Re8f8
38.Kd2 Rf8xf4
39.h5 Rf4f3
{ resign }
0-1

[Event "Match"]
[Site "www.echecsemail.com"]
[Date "2017.10.05"]
[Round "1"]
[White "Ditto"]
[Black "Orae"]
[WhiteElo "1860"]
[BlackElo "1720"]
[Result "1-0"]
[Round "1"]
1.e4 e5
2.Ng1f3 Nb8c6
3.Bf1b5 Nc6d4
4.Nb1c3 c6
5.Bb5c4 Nd4e6
6.d4 exd4
7.Nf3xd4 Bf8b4
8.Bc1d2 Ne6xd4
9.Bd2e3 Bb4xc3
10.bxc3 Nd4b5
11.Be3d2 Nb5d6
12.Bc4b3 Qd8e7
13.f3 f5
14.O-O b6
15.exf5 Kd8
16.Rf1e1 Qe7f8
17.Bd2f4 Nd6xf5
18.Qd1d3 b5
19.c4 Bc8a6
20.Qd3e4 Ng8e7
21.cxb5 Ba6xb5
22.Ra1d1 g6
23.Bb3e6 d6
24.Bf4g5 h6
25.Bg5c1 d5
26.Qe4e5 g5
27.Bc1a3 Ne7g6
28.Ba3xf8 Ng6xe5
29.Be6xf5 Ne5f7
30.Bf8e7 Kc7
31.Be7c5 Nf7d6
32.Re1e7 Kd8
33.Re7d7 Ke8
34.Rd1e1 Kf8
35.Bc5xd6 { resign }
1-0

[Event "Match"]
[Site "www.echecsemail.com"]
[Date "2017.10.05"]
[Round "1"]
[White "Sonny1000"]
[Black "Billyg"]
[WhiteElo "1540"]
[BlackElo "1740"]
[Result "0-1"]
[Round "1"]
1.d4 d5
2.c3 h6
3.Ng1f3 Ng8f6
4.Nf3e5 Nb8c6
5.Ne5xc6 bxc6
6.Qd1a4 Bc8d7
7.e3 c5
8.Bf1b5 cxd4
9.Bb5xd7 Qd8xd7
10.Qa4xd7 Nf6xd7
11.cxd4 e5
12.e4 dxe4
13.d5 Bf8b4
14.Bc1d2 Bb4xd2
15.Nb1xd2 Nd7f6
16.Ra1c1 Nf6xd5
17.Nd2xe4 O-O-O
18.Rc1c6 Kb8
19.Ke2 f5
20.Ne4g3 Nd5f4
21.Kf1 Rd8d1
{ resign }
0-1

[Event "1/16 Finale"]
[Site "www.chess-mail.com"]
[Date "2017.10.05"]
[Round "1"]
[White "Jose"]
[Black "Danquigley"]
[WhiteElo "2800"]
[BlackElo "2610"]
[Result "1-0"]
[Round "1"]
1.d4 Ng8f6
2.c4 g6
3.g3 Bf8g7
4.Bf1g2 d5
5.cxd5 Nf6xd5
6.e4 Nd5b4
7.a3 Nb4c6
8.d5 Nc6d4
9.Nb1c3 O-O
10.Ng1e2 Nd4xe2
11.Qd1xe2 b6
12.Bc1f4 Bc8a6
13.Qe2e3 Nb8d7
14.O-O-O Nd7c5
15.b4 e5
16.dxe6 Nc5d3
17.Rd1xd3 Qd8xd3
18.Qe3xd3 Ba6xd3
19.Rh1d1 Bd3c4
20.e7 Rf8e8
21.e5 Ra8b8
22.Bg2d5 Bc4xd5
23.Nc3xd5 Kh8
24.b5 Rb8c8
25.Kb1 h6
26.h4 c6
27.bxc6 Rc8xc6
28.Nd5f6 Rc6xf6
29.Rd1d8 Rf6e6
30.Rd8xe8 Kh7
31.Bf4c1 Bg7xe5
32.a4 Be5f6
33.Bc1a3 Kg7
34.Kc2 g5
35.h5 Re6c6
36.Kd2 Rc6e6
37.f4 gxf4
38.gxf4 a6
39.Kd3 { resign }
1-0

[Event "1/8 Finale"]
[Site "www.chess-mail.com"]
[Date "2017.10.05"]
[Round "1"]
[White "Asoka"]
[Black "Buchauer"]
[WhiteElo "2730"]
[BlackElo "2820"]
[Result "1/2-1/2"]
[Round "1"]
1.e4 e5
2.Ng1f3 Nb8c6
3.Bf1c4 Bf8c5
4.c3 Ng8f6
5.d3 d6
6.O-O h6
7.b4 Bc5b6
8.Nb1d2 O-O
9.Rf1e1 Nc6e7
10.a4 a5
11.b5 Ne7g6
12.d4 Rf8e8
13.Bc1b2 Ng6f4
14.Bc4f1 Bc8g4
15.h3 Bg4h5
16.Qd1c2 c6
17.Ra1a3 Ra8c8
18.bxc6 bxc6
19.Ra3b3 Bb6a7
20.Bb2a3 Rc8c7
21.dxe5 dxe5
22.c4 Rc7d7
23.c5 { draw }
1/2-1/2

[Event "1/128 Finale"]
[Site "www.chess-mail.com"]
[Date "2017.10.05"]
[Round "1"]
[White "Gvladutz"]
[Black "Redemption"]
[WhiteElo "2450"]
[BlackElo "1499"]
[Result "1-0"]
[Round "1"]
1.c4 g6
2.Nb1c3 c6
3.e4 e5
4.d4 d6
5.dxe5 dxe5
6.Qd1xd8 Kxd8
7.Ng1f3 Nb8d7
8.Bf1d3 Bf8b4
9.O-O a5
10.Bc1e3 Bb4xc3
11.bxc3 b6
12.c5 Nd7xc5
13.Nf3xe5 { resign }
1-0

[Event "Eq:SIETE ESTRELLAS VERDES-Slap Shot Mates : "]
[Site "www.chess-mail.com"]
[Date "2017.10.05"]
[Round "1"]
[White "Paco"]
[Black "Danquigley"]
[WhiteElo "1950"]
[BlackElo "2560"]
[Result "0-1"]
[Round "1"]
1.e4 e6
2.d4 d5
3.e5 c5
4.Ng1f3 Nb8c6
5.Bf1b5 Qd8b6
6.a4 cxd4
7.Nf3xd4 a6
8.a5 Qb6c7
9.Bb5xc6 bxc6
10.f4 c5
11.Nd4f3 Ng8h6
12.O-O Ra8b8
13.b3 Bf8e7
14.Qd1d3 O-O
15.Nf3g5 Nh6f5
16.g4 c4
17.Qd3h3 h6
18.gxf5 hxg5
19.f6 gxf6
20.Rf1f3 cxb3
21.Rf3xb3 Qc7xc2
22.Rb3xb8 Qc2xc1
23.Qh3f1 Be7c5
24.Kg2 Qc1c2
25.Kh1 Qc2e4
26.Qf1g2 Qe4e1
{ resign }
0-1

[Event "Tourn. n9499"]
[Site "www.chess-mail.com"]
[Date "2017.10.06"]
[Round "1"]
[White "Falcoale"]
[Black "Wegaman"]
[WhiteElo "2020"]
[BlackElo "2100"]
[Result "1/2-1/2"]
[Round "1"]
1.e4 e6
2.f4 d5
3.exd5 exd5
4.Ng1f3 Ng8f6
5.d3 Nb8c6
6.c3 Bf8e7
7.Bf1e2 O-O
8.O-O Nf6g4
9.h3 Ng4f6
10.Nf3e5 Qd8e8
11.Bc1d2 Nc6xe5
12.fxe5 Nf6d7
13.d4 c5
14.b3 cxd4
15.cxd4 f6
16.e6 Nd7b6
17.Be2g4 Qe8c6
18.Nb1c3 Bc8xe6
19.Rf1e1 Be6xg4
20.Qd1xg4 Be7a3
21.Qg4f3 Ra8d8
22.Ra1b1 a6
{ draw }
1/2-1/2

[Event "Tourn. n9535"]
[Site "www.chess-mail.com"]
[Date "2017.10.06"]
[Round "1"]
[White "Coolant"]
[Black "Rons"]
[WhiteElo "2320"]
[BlackElo "2600"]
[Result "0-1"]
[Round "1"]
1.d4 Ng8f6
2.c4 e6
3.Nb1c3 Bf8b4
4.Qd1b3 c5
5.dxc5 Nb8c6
6.Bc1d2 O-O
7.Ng1f3 Bb4xc5
8.e3 d5
9.cxd5 exd5
10.Bf1e2 d4
11.exd4 Bc8e6
12.Qb3xb7 Nc6xd4
13.Nf3xd4 Bc5xd4
14.O-O Ra8b8
15.Qb7f3 Be6g4
16.Qf3d3 Rb8xb2
17.Nc3b1 Rf8e8
18.Rf1e1 Re8xe2
{ resign }
0-1

[Event "Tourn. n9492"]
[Site "www.chess-mail.com"]
[Date "2017.10.06"]
[Round "1"]
[White "Kermet"]
[Black "Piriot"]
[WhiteElo "2420"]
[BlackElo "2470"]
[Result "1/2-1/2"]
[Round "1"]
1.c4 e5
2.g3 Nb8c6
3.Bf1g2 Ng8f6
4.Nb1c3 Bf8c5
5.e3 d6
6.Ng1e2 O-O
7.O-O a5
8.d4 Bc5b6
9.Nc3d5 Nf6xd5
10.cxd5 Nc6e7
11.dxe5 dxe5
12.Ne2c3 Qd8d6
13.b3 Rf8d8
14.Qd1e2 Bc8d7
15.a4 Qd6g6
16.Bc1a3 Ne7c8
17.Nc3b5 Nc8d6
18.Nb5xd6 { draw }
1/2-1/2

[Event "Tourn. n9481"]
[Site "www.chess-mail.com"]
[Date "2017.10.06"]
[Round "1"]
[White "Roque1"]
[Black "Cjood"]
[WhiteElo "1990"]
[BlackElo "1930"]
[Result "0-1"]
[Round "1"]
1.e4 c5
2.Ng1f3 Nb8c6
3.Bf1b5 Qd8c7
4.Nb1c3 e6
5.O-O Bf8d6
6.d3 Nc6e5
7.Bc1e3 b6
8.Qd1d2 Ne5xf3
9.gxf3 Bd6xh2
10.Kh1 Bh2e5
11.f4 Be5xc3
12.Qd2xc3 Ng8f6
13.e5 Nf6d5
14.Qc3d2 a6
15.Bb5c4 Nd5xe3
16.Qd2xe3 b5
17.Rf1g1 bxc4
18.Rg1xg7 Bc8b7
19.Kh2 cxd3
20.Qe3xd3 O-O-O
21.Rg7xf7 Rd8f8
22.Rf7xf8 Rh8xf8
23.Ra1g1 Qc7d8
24.Rg1g7 { time. }
0-1

[Event "Tourn. n9561"]
[Site "www.chess-mail.com"]
[Date "2017.10.06"]
[Round "1"]
[White "Luban"]
[Black "Bojan"]
[WhiteElo "2090"]
[BlackElo "2030"]
[Result "0-1"]
[Round "1"]
1.d4 g6
2.c4 e6
3.a3 c5
4.e3 Bf8g7
5.Ng1f3 cxd4
6.Nf3xd4 Qd8b6
7.Nb1c3 Ng8e7
8.Bf1e2 Nb8c6
9.Nd4xc6 bxc6
10.O-O d5
11.Bc1d2 Qb6xb2
12.Qd1c1 Qb2b8
13.Ra1b1 Qb8d6
14.cxd5 exd5
15.a4 O-O
16.Be2f3 Bc8f5
17.Rb1b7 Bf5d3
18.Nc3e2 Bd3a6
19.Bd2b4 c5
20.Bb4xc5 Qd6c6
21.Rb7xe7 Rf8c8
22.Bc5a3 Qc6xa4
23.Re7c7 Rc8xc7
24.Qc1xc7 Qa4xa3
25.Bf3xd5 Ra8f8
26.Qc7xa7 Qa3d6
27.Bd5f3 Ba6c4
28.Rf1b1 Qd6d3
29.Ne2g3 Qd3xb1
{ resign }
0-1

[Event "Tourn. n9547"]
[Site "www.chess-mail.com"]
[Date "2017.10.06"]
[Round "1"]
[White "Tonino1"]
[Black "Luban"]
[WhiteElo "2170"]
[BlackElo "2060"]
[Result "1-0"]
[Round "1"]
1.d4 d5
2.f4 e6
3.e3 c5
4.c3 a6
5.Bf1d3 Ng8f6
6.Ng1f3 Nb8c6
7.O-O Bf8e7
8.Nb1d2 O-O
9.Nf3e5 Bc8d7
10.Ne5xd7 Qd8xd7
11.Nd2f3 c4
12.Bd3c2 b5
13.Nf3e5 Qd7b7
14.g4 Nc6xe5
15.fxe5 Nf6e4
16.Bc1d2 a5
17.Bd2e1 b4
18.Bc2xe4 dxe4
19.Qd1c2 b3
20.axb3 cxb3
21.Qc2e2 a4
22.h4 a3
23.bxa3 Ra8xa3
24.Ra1xa3 Be7xa3
25.Be1d2 b2
26.Rf1b1 Qb7b3
27.Qe2d1 Qb3a2
28.Qd1c2 f5
29.exf6 Rf8xf6
30.Qc2xe4 Qa2a1
31.c4 Ba3d6
32.Bd2c3 Bd6a3
33.Rb1xa1 { resign }
1-0

[Event "Tourn. n9487"]
[Site "www.chess-mail.com"]
[Date "2017.10.06"]
[Round "1"]
[White "Roque1"]
[Black "Sorim"]
[WhiteElo "1980"]
[BlackElo "2020"]
[Result "0-1"]
[Round "1"]
1.e4 c5
2.Ng1f3 Nb8c6
3.Bf1b5 Qd8c7
4.O-O d6
5.d4 a6
6.Bb5a4 b5
7.Ba4xb5 axb5
8.d5 Nc6b4
9.a3 Nb4a6
10.Nb1c3 Bc8d7
11.Bc1e3 Ng8f6
12.Qd1d3 g6
13.Nc3xb5 Qc7b6
14.Nb5c3 { time. }
0-1

[Event "Tourn. n9527"]
[Site "www.chess-mail.com"]
[Date "2017.10.06"]
[Round "1"]
[White "Luban"]
[Black "Bigrezi"]
[WhiteElo "2100"]
[BlackElo "2160"]
[Result "0-1"]
[Round "1"]
1.d4 Ng8f6
2.c4 g6
3.e3 Bf8g7
4.Ng1f3 O-O
5.Nb1c3 d5
6.h3 a6
7.Bf1d3 dxc4
8.Bd3xc4 b5
9.Bc4d3 Bc8b7
10.O-O Nb8d7
11.Rf1e1 c5
12.dxc5 Bb7xf3
13.Qd1xf3 Nd7e5
14.Qf3e2 Qd8xd3
15.Qe2xd3 Ne5xd3
16.Re1d1 Nd3xc5
17.Bc1d2 Nc5d3
18.Ra1b1 Rf8d8
19.Nc3e2 Nf6e4
{ resign }
0-1

[Event "Match"]
[Site "www.echecsemail.com"]
[Date "2017.10.06"]
[Round "1"]
[White "Pinehill"]
[Black "Geodad5"]
[WhiteElo "2090"]
[BlackElo "2090"]
[Result "0-1"]
[Round "1"]
1.e4 c5
2.Ng1f3 d6
3.d4 cxd4
4.Nf3xd4 Nb8c6
5.Nb1c3 Bc8d7
6.Bc1e3 g6
7.Qd1d2 Bf8g7
8.O-O-O Ng8f6
9.Bf1e2 O-O
10.Kb1 a6
11.f3 b5
12.g4 Ra8c8
13.h4 Qd8c7
14.h5 Nc6xd4
15.Be3xd4 Bd7e6
16.hxg6 fxg6
17.g5 Nf6e8
18.Bd4xg7 Ne8xg7
19.Nc3d5 Be6xd5
20.Qd2xd5 e6
21.Qd5d2 Ng7h5
22.f4 Nh5xf4
23.Be2g4 Qc7c4
24.Rh1h6 Qc4xe4
25.Rd1h1 Rf8f7
26.Rh6h2 Nf4d5
27.Rh1e1 Qe4xg4
{ resign }
0-1

[Event "Match"]
[Site "www.echecsemail.com"]
[Date "2017.10.06"]
[Round "1"]
[White "Jc7325"]
[Black "Hundegana"]
[WhiteElo "1499"]
[BlackElo "2020"]
[Result "0-1"]
[Round "1"]
1.c4 d5
2.cxd5 Qd8xd5
3.Nb1c3 Qd5d8
4.e4 e6
5.Ng1f3 Bf8c5
6.Bf1d3 Qd8xd3
7.Nf3e5 Qd3d4
8.O-O Qd4xe5
9.d3 Bc5d4
10.Bc1e3 Bd4xc3
11.bxc3 Qe5xc3
12.Qd1a4 Nb8c6
13.Rf1c1 Qc3a5
14.Qa4c4 Ng8e7
15.f4 Bc8d7
16.f5 exf5
17.exf5 Bd7xf5
18.d4 O-O
19.Rc1f1 Qa5a3
20.d5 Qa3xe3
21.Kh1 Nc6d8
22.Qc4xc7 Ra8c8
23.Qc7a5 Qe3c5
24.Qa5e1 Bf5g6
25.Ra1c1 Qc5xc1
26.Qe1f2 Qc1c5
{ resign }
0-1

[Event "Match"]
[Site "www.echecsemail.com"]
[Date "2017.10.06"]
[Round "1"]
[White "Apdash"]
[Black "Pinehill"]
[WhiteElo "2100"]
[BlackElo "2120"]
[Result "1-0"]
[Round "1"]
1.e4 d5
2.exd5 Ng8f6
3.c4 e6
4.dxe6 Bc8xe6
5.d3 Bf8b4
6.Bc1d2 Qd8e7
7.Bd2xb4 Qe7xb4
8.Qd1d2 Qb4e7
9.Bf1e2 Nb8c6
10.Nb1c3 O-O-O
11.Qd2e3 Kb8
12.O-O-O Qe7b4
13.Rd1d2 a6
14.a3 Qb4a5
15.d4 Rh8e8
16.Qe3f4 Nc6e7
17.d5 Ne7g6
18.Qf4g3 Be6c8
19.f4 Re8e4
20.Be2d3 Re4xf4
21.Ng1e2 Rf4g4
22.Qg3f2 Ng6e5
23.h3 Ne5xd3
24.Rd2xd3 Rg4xc4
25.Kb1 Nf6e4
26.Qf2xf7 Ne4xc3
27.Ne2xc3 Rd8d6
28.Rh1e1 Rd6b6
29.Ka2 Rc4b4
30.Re1e2 g6
31.Qf7xh7 Rb4c4
32.Qh7g8 Qa5c5
33.Re2e8 Rb6xb2
34.Kxb2 Rc4f4
35.Re8xc8 { resign }
1-0

[Event "Match"]
[Site "www.echecsemail.com"]
[Date "2017.10.06"]
[Round "1"]
[White "Cal"]
[Black "Coraza8091"]
[WhiteElo "1640"]
[BlackElo "1520"]
[Result "0-1"]
[Round "1"]
1.c4 e5
2.e4 Ng8f6
3.d3 Nb8c6
4.a3 Bf8c5
5.Ng1f3 Nf6g4
6.Bc1g5 f6
7.Bg5h4 g5
8.Bh4g3 Nc6d4
9.Bf1e2 Qd8e7
10.O-O b6
11.b4 Bc5d6
12.Nb1c3 Bc8b7
13.Nf3xd4 Ng4h6
14.h3 exd4
15.Nc3b5 Bd6xg3
16.fxg3 Qe7e5
17.Be2h5 Kd8
18.a4 a6
19.Nb5a3 d6
20.Na3c2 Nh6g8
21.Bh5f7 Ng8e7
22.Rf1f3 h5
23.Nc2a3 Bb7c8
24.Qd1f1 Rh8h6
25.Rf3xf6 Rh6xf6
26.Qf1d1 Rf6xf7
27.Qd1xh5 Bc8e6
28.g4 Qe5f4
29.Na3c2 Qf4f2
30.Kh2 Qf2f4
31.Kh1 Kd7
32.Nc2xd4 Qf4f2
33.Nd4f5 Rf7f8
34.Nf5xe7 Kxe7
35.Qh5xg5 Kd7
36.Qg5g7 Rf8f7
37.Qg7g6 Qf2d4
38.Ra1g1 Rf7g7
39.Qg6h6 Ra8g8
40.Kh2 Be6xg4
41.a5 Qd4e5
42.g3 Bg4xh3
43.axb6 cxb6
44.Qh6e3 Kc7
45.Kxh3 Rg8h8
46.Kg2 Rh8g8
47.Kf2 Qe5b2
48.Ke1 Kd7
49.d4 Qb2xb4
50.Kf1 Qb4xc4
51.Kg2 Rg7xg3
52.Qe3xg3 Rg8xg3
53.Kxg3 Qc4xd4
54.Kf4 Qd4xg1
55.Kf3 Ke6
{ resign }
0-1

[Event "Fast Game"]
[Site "www.echecsemail.com"]
[Date "2017.10.06"]
[Round "1"]
[White "Cjood"]
[Black "Attatroll"]
[WhiteElo "1650"]
[BlackElo "1750"]
[Result "0-1"]
[Round "1"]
1.g3 d5
2.Bf1g2 c6
3.d4 Ng8f6
4.Nb1c3 e6
5.Bc1f4 Bf8d6
6.Bf4xd6 Qd8xd6
7.Ng1f3 O-O
8.O-O Bc8d7
9.e3 Nb8a6
10.a3 c5
11.dxc5 Na6xc5
12.b4 Nc5e4
13.Nc3xe4 Nf6xe4
14.Qd1d4 Rf8c8
15.Ra1c1 Rc8c4
16.Qd4d3 Bd7b5
17.Qd3b3 Ra8c8
18.Nf3d4 Rc4xd4
 { time }
0-1

[Event "Fast Game"]
[Site "www.echecsemail.com"]
[Date "2017.10.06"]
[Round "1"]
[White "Cjood"]
[Black "Hennie4820"]
[WhiteElo "1680"]
[BlackElo "1740"]
[Result "0-1"]
[Round "1"]
1.e4 c5
2.Ng1f3 e6
3.d4 cxd4
4.Nf3xd4 Ng8f6
5.f3 Nb8c6
6.Nd4xc6 bxc6
7.Nb1c3 Bf8b4
8.Bc1d2 d5
9.e5 Nf6d7
10.f4 O-O
11.a3 Bb4a5
12.b4 Ba5b6
 { time }
0-1

[Event "Fast Game"]
[Site "www.echecsemail.com"]
[Date "2017.10.06"]
[Round "1"]
[White "Pellix84"]
[Black "Tonino1"]
[WhiteElo "1650"]
[BlackElo "1830"]
[Result "0-1"]
[Round "1"]
1.d4 Ng8f6
2.Bc1f4 g6
3.Ng1f3 Bf8g7
4.e3 O-O
5.Bf1d3 d6
6.h3 c6
7.Nb1d2 Qd8c7
8.c3 Nb8d7
9.O-O e5
10.Bf4h2 Rf8e8
11.dxe5 Nd7xe5
12.Nd2c4 Ne5xc4
13.Bd3xc4 Bg7f8
14.Qd1b3 Bc8e6
15.Ra1d1 b5
 { time }
0-1

[Event "Tourn. n9564"]
[Site "www.chess-mail.com"]
[Date "2017.10.07"]
[Round "1"]
[White "Bojan"]
[Black "Apdash"]
[WhiteElo "2070"]
[BlackElo "2180"]
[Result "0-1"]
[Round "1"]
1.e4 c5
2.Ng1f3 Nb8c6
3.c3 e5
4.a3 Ng8f6
5.d3 d5
6.exd5 Nf6xd5
7.Bf1e2 Bc8e6
8.Nb1d2 Nd5f4
9.Be2f1 Nf4xd3
10.Ke2 c4
11.Nd2e4 Qd8b6
12.Ra1b1 Be6f5
13.Bc1e3 Qb6c7
14.Ne4g3 Bf5g4
15.h3 Ra8d8
16.Qd1c2 Bg4xf3
17.Kxf3 g6
18.Be3g5 Bf8e7
19.Bg5h6 f5
20.b3 e4
21.Ke2 Be7c5
{ resign }
0-1